Remote sensing applications in environmental and earth system sciences / (Record no. 44248)

MARC details
003 - CONTROL NUMBER IDENTIFIER
control field 0000
005 - DATE AND TIME OF LATEST TRANSACTION
control field 20260401141809.0
020 ## - INTERNATIONAL STANDARD BOOK NUMBER
International Standard Book Number 9780367768003
040 ## - CATALOGING SOURCE
Description conventions rda
050 ## - LIBRARY OF CONGRESS CALL NUMBER
Classification number GE 45
Item number .D35 2021
100 ## - MAIN ENTRY--PERSONAL NAME
Relator code Editor
Personal name Dalezios, Nicolas R
245 ## - TITLE STATEMENT
Title Remote sensing applications in environmental and earth system sciences /
Statement of responsibility, etc Nicolas R. Dalezios
264 ## - PUBLICATION, DISTRIBUTION, ETC. (IMPRINT)
Place of publication, distribution, etc Bocan Raton
Name of publisher, distributor, etc CRC PRESS
Date of publication, distribution, etc 2021
300 ## - PHYSICAL DESCRIPTION
Extent xix, 368p.:
Other physical details ill.:
336 ## - CONTENT TYPE
Source rdacontent
338 ## - CARRIER TYPE
Source rdacarrier
500 ## - GENERAL NOTE
General note Includes bibliographical references
504 ## - BIBLIOGRAPHY, ETC. NOTE
Bibliography, etc Includes bibliographical references
520 ## - SUMMARY, ETC.
Summary, etc "This book is a contemporary, multi-disciplinary, multi-scaling, updated and upgraded approach of applied remote sensing in the environment. It aims to cover the whole spectrum of current environmental issues related to atmosphere, land, and water. This book starts with an overview of remote sensing technology, and then throughout the book, the author explains with many case studies, the types of data that can be used and the image processing and analysis methods that can be applied to each type of application. This book is an excellent resource for anyone who is interested in remote sensing technologies and their use in Earth systems, natural resources, and environmental science"-- Provided by publisher
942 ## - ADDED ENTRY ELEMENTS (KOHA)
Source of classification or shelving scheme Library of Congress Classification
Koha item type Books
Holdings
Withdrawn status Lost status Source of classification or shelving scheme Damaged status Not for loan Permanent Location Current Location Date acquired Total Checkouts Full call number Barcode Date last seen Price effective from Koha item type
    Library of Congress Classification     NILE UNIVERSITY OF NIGERIA - MAIN LIBRARY NILE UNIVERSITY OF NIGERIA - MAIN LIBRARY 04/01/2026   GE45 .D35 2021 0199616 04/01/2026 04/01/2026 Books